Linie krásy /

Hlavní autor: Hollinghurst, Alan, 1954-
Jazyk: Čeština
Vydáno: V Praze : Odeon, 2006
Vydání: Vyd. 1.
Edice: Světová knihovna (Odeon)
Témata:
Externí odkaz: Digitalizovaný dokument
Fyzický popis: 445 s. ; 21 cm
Knihy
Uloženo v:
LEADER 01356nam a2200397 a 4500
001 nkc20061684816
003 CZ PrNK
005 20180308235011.0
007 ta
008 060808s2006 xr g 000 f cze
015 |a cnb001684816 
020 |a 80-207-1217-8  |q (váz.) 
035 |a (OCoLC)85719404 
040 |a OLA001  |b cze  |d ABA001 
041 1 |a cze  |h eng 
072 7 |a 821.111-3  |x Anglická próza, anglicky psaná  |2 Konspekt  |9 25 
080 |a 821.111-31  |2 MRF 
080 |a (0:82-31)  |2 MRF 
100 1 |a Hollinghurst, Alan,  |d 1954-  |7 jn19990003611  |4 aut 
245 1 0 |a Linie krásy /  |c Alan Hollinghurst ; [přeložila Michala Marková] 
250 |a Vyd. 1. 
260 |a V Praze :  |b Odeon,  |c 2006 
300 |a 445 s. ;  |c 21 cm 
490 1 |a Světová knihovna ;  |v sv. 44 
500 |a Přeloženo z angličtiny 
655 7 |a anglické romány  |7 fd131814  |2 czenas 
655 9 |a English fiction  |2 eczenas 
765 0 |t Line of beauty  |9 Česky 
830 0 |a Světová knihovna (Odeon)  |0 s 
856 4 1 |u http://www.digitalniknihovna.cz/mzk/uuid/uuid:b6ed6b40-f549-11e7-8226-005056827e52  |y Digitalizovaný dokument  |x NDK 
910 2 |a BOA001  |b 2-1175.642 
928 9 |a Euromedia Group - Odeon 
990 |a BK 
995 |a 01 
991 |b 200611 
996 6 |b 2610291868  |c 2-1175.642  |l MZK  |r Sklad / do 1 hodiny  |n 3  |p p.v.  |w 000829006  |u 000010  |a 1  |e BOA001  |j MZK50  |s P